Constitutional and administrative law. / (Record no. 737)

MARC details
000 -LEADER
fixed length control field 02384cam a2200349 a 4500
001 - CONTROL NUMBER
control field 14922439
005 - DATE AND TIME OF LATEST TRANSACTION
control field 20210414113928.0
008 - FIXED-LENGTH DATA ELEMENTS--GENERAL INFORMATION
fixed length control field 070710s2002 enk b 001 0 eng
010 ## - LIBRARY OF CONGRESS CONTROL NUMBER
LC control number 2007408072
020 ## - INTERNATIONAL STANDARD BOOK NUMBER
International Standard Book Number 1859417213
020 ## - INTERNATIONAL STANDARD BOOK NUMBER
International Standard Book Number 9781859417218
035 ## - SYSTEM CONTROL NUMBER
System control number (OCoLC)ocm50409981
040 ## - CATALOGING SOURCE
Original cataloging agency ESU
Transcribing agency ESU
Modifying agency GUL
-- OCL
-- NLGGC
-- YDXCP
-- DLC
042 ## - AUTHENTICATION CODE
Authentication code lccopycat
043 ## - GEOGRAPHIC AREA CODE
Geographic area code e-uk---
050 00 - LIBRARY OF CONGRESS CALL NUMBER
Classification number KD3930.B37
084 ## - OTHER CLASSIFICATION NUMBER
Classification number 86.50
Number source bcl
100 1# - MAIN ENTRY--PERSONAL NAME
Personal name Barnett, Hilaire.
245 10 - TITLE STATEMENT
Title Constitutional and administrative law. /
Statement of responsibility, etc. Hilaire Barnett.
246 14 - VARYING FORM OF TITLE
Title proper/short title Constitutional & administrative law
250 ## - EDITION STATEMENT
Edition statement 4th ed.
260 ## - PUBLICATION, DISTRIBUTION, ETC.
Place of publication, distribution, etc. London :
Name of publisher, distributor, etc. Cavendish,
Date of publication, distribution, etc. 2002.
300 ## - PHYSICAL DESCRIPTION
Extent xc, 1026 p. ;
Dimensions 24 cm.
504 ## - BIBLIOGRAPHY, ETC. NOTE
Bibliography, etc. note Includes bibliographical references (p. 955-975) and index.
505 ## - FORMATTED CONTENTS NOTE
Formatted contents note Contents: General introduction: The Scope of constitutional law -- Sources of the constitution -- The Evolution of the structure of the United Kingdom -- Fundamental constitutional concepts: The Rule of law -- The Separation of powers -- The Royal prerogative -- Paliamentary sovereignty -- The European community and union: Structure and institutions -- European community law and national law -- Central, regional and local government: Central government -- Responsible government -- Regional and local government -- Parliament: The Electoral system -- Introduction to the house of commons -- The Legislative process -- Scrutiny of the executive -- The House of lords -- Parliamentary privilege -- The individual and the state: The Protection of human rights -- Freedom from discriminatio: racial and sexual equality -- Freedom of association and assembly, public order and police powers -- Citizenship, immigration and extradition -- State secutrity -- Introduction to administrative law: Judicial review: introduction, jurisdiction and procedure -- The Grounds for judicial review -- Commissioners for administration: Ombudsmen -- Appendix I: Monarchs of Britain -- Appendix II: Prime ministers of the United Kingdom -- Appendix III: Membership of the Commonwealth.
650 #0 - SUBJECT ADDED ENTRY--TOPICAL TERM
Topical term or geographic name entry element Constitutional law
Geographic subdivision Great Britain.
650 #0 - SUBJECT ADDED ENTRY--TOPICAL TERM
Topical term or geographic name entry element Administrative law
Geographic subdivision Great Britain.
650 17 - SUBJECT ADDED ENTRY--TOPICAL TERM
Topical term or geographic name entry element Bestuursrecht.
Source of heading or term gtt
906 ## - LOCAL DATA ELEMENT F, LDF (RLIN)
a 7
b cbc
c copycat
d 2
e ncip
f 20
g y-gencatlg
942 ## - ADDED ENTRY ELEMENTS (KOHA)
Source of classification or shelving scheme Library of Congress Classification
Koha item type Books
Holdings
Withdrawn status Lost status Source of classification or shelving scheme Damaged status Not for loan Home library Current library Shelving location Date acquired Total Checkouts Full call number Barcode Date last seen Copy number Price effective from Koha item type
    Library of Congress Classification     WISCONSIN INTERNATIONAL UNIVERSITY COLLEGE, GHANA - MAIN LIBRARY WISCONSIN INTERNATIONAL UNIVERSITY COLLEGE, GHANA - MAIN LIBRARY General Stacks 20/04/2012   KD3930.B37 1788/12 20/04/2012 1 20/04/2012 Books
    Library of Congress Classification     WISCONSIN INTERNATIONAL UNIVERSITY COLLEGE, GHANA - MAIN LIBRARY WISCONSIN INTERNATIONAL UNIVERSITY COLLEGE, GHANA - MAIN LIBRARY General Stacks 20/04/2012   KD3930.B371 1789/12 20/04/2012 2 20/04/2012 Books
    Library of Congress Classification     WISCONSIN INTERNATIONAL UNIVERSITY COLLEGE, GHANA - MAIN LIBRARY WISCONSIN INTERNATIONAL UNIVERSITY COLLEGE, GHANA - MAIN LIBRARY General Stacks 20/04/2012   KD3930.B372 1790/12 20/04/2012 3 20/04/2012 Books

If you have any concerns or questions; kindly contact the library


© Powered by WIUC ICT DIRECTORATE